|
|
|
|
| LEADER |
00000nam0a2200000 4500 |
| 001 |
326990 |
| 005 |
20231102003921.0 |
| 035 |
|
|
|a (RuTPU)RU\TPU\book\352650
|
| 090 |
|
|
|a 326990
|
| 100 |
|
|
|a 20170123d1961 km y0rusy50 ca
|
| 101 |
0 |
|
|a rus
|
| 102 |
|
|
|a RU
|
| 105 |
|
|
|a a z 001zy
|
| 200 |
1 |
|
|a Обогащение руд черных металлов
|f А. И. Батанов
|
| 210 |
|
|
|a Москва
|c Госгортехиздат
|d 1961
|
| 215 |
|
|
|a 424 с.
|c ил.
|
| 320 |
|
|
|a Библиогр.: с. 420-421
|
| 606 |
1 |
|
|a Обогащение
|x Горное дело
|2 stltpush
|3 (RuTPU)RU\TPU\subj\46453
|9 65593
|
| 610 |
1 |
|
|a руды
|
| 610 |
1 |
|
|a черные металлы
|
| 610 |
1 |
|
|a дробление
|
| 610 |
1 |
|
|a измельчение
|
| 610 |
1 |
|
|a грохочение
|
| 610 |
1 |
|
|a гравитационные процессы
|
| 610 |
1 |
|
|a промывка
|
| 610 |
1 |
|
|a магнитное обогащение
|
| 610 |
1 |
|
|a флотация
|
| 610 |
1 |
|
|a обезвоживание
|
| 610 |
1 |
|
|a фильтрация
|
| 610 |
1 |
|
|a сушка
|
| 610 |
1 |
|
|a пылеулавливание
|
| 610 |
1 |
|
|a технологические процессы
|
| 610 |
1 |
|
|a автоматизация
|
| 610 |
1 |
|
|a технологические схемы
|
| 675 |
|
|
|a 622.7
|v 4
|
| 700 |
|
1 |
|a Батанов
|b А. И.
|g Александр Иванович
|
| 801 |
|
1 |
|a RU
|b 63413507
|c 20170123
|
| 801 |
|
2 |
|a RU
|b 63413507
|c 20170125
|g RCR
|
| 942 |
|
|
|c BK
|